000 00553nam a2200205Ia 4500
005 20250508152621.0
008 008 250505s9999 xx 000 0 eng d
037 _aTextual
040 _aFEDL
_beng
_cFEDL
041 _aeng
_2eng
084 _a150, ENG
_qFEDL
100 _aEngle T L
_9736060
245 0 _aPsychology: Its principles and applications
250 _a3rd
260 _aNew York, USA
_bWorld Book Company
_c1957
300 _axii,657p.
650 _aPsychology
942 _cTEXL
_h150, ENG
999 _c1337625
_d1337625